000 00826cam a22002771a 4500
001 25421
003 BD-RjUL
005 20211209050857.0
008 140318s1961 ii abf 001 0 eng d
035 _a(BD-RjUL)25491
035 _a(OCoLC)1498959
040 _aDLC
_cTxFTC
_dPPiU
_dDLC
_dBD-RjUL
_beng
041 _aeng
082 0 0 _a915.416
_bELN 1961
100 1 _aElwin, Verrier,
_d1902-1964.
_916666
245 0 0 _aNagaland /
_cVerrier Elwin.
250 _a1st ed.
260 _aShillong :
_b[P. Dutta for the Research Dept., Adviser's Secretariat, Shillong],
_c1961.
300 _a108 p., [11] p. of plates :
_bill., maps ;
_c26 cm.
500 _aMaps on lining papers.
500 _aIncludes index.
651 0 _aNāgāland (India)
_978169
942 _2ddc
_cBK
999 _c25421
_d25421